| 000 | 01560nam a22002657i 4500 | ||
|---|---|---|---|
| 999 |
_c23660 _d23660 |
||
| 003 | AR-CdUCM | ||
| 008 | 260429b2014 sp d|||| |||| 00| 0 spa d | ||
| 020 | _a978-5-396-00384-2 | ||
| 040 |
_aMUNICIPALIDAD PROVINCIAL DEL CUSCO _cBIBLIOTECA MUNICIPAL DEL CUSCO |
||
| 041 | _hspa | ||
| 082 |
_a510 _bF84 |
||
| 100 |
_aFridman, Lev M. _952801 |
||
| 245 | _a¿Qué es la matemática? / | ||
| 260 |
_aEspaña : _bKRASAND _c2014 |
||
| 300 |
_a232 páginas. : _c14,5x21,5 cm. |
||
| 505 | _aIntroducción a la naturaleza de la matemática -- Concepto y definición de matemática -- Orígenes históricos de la matemática -- Matemática en las civilizaciones antiguas -- Desarrollo de la aritmética y el álgebra -- Geometría clásica y sus fundamentos -- El papel de la lógica en la matemática -- Evolución del pensamiento matemático -- Matemática como lenguaje universal -- Relación entre matemática y ciencias naturales -- Problemas matemáticos clásicos y su análisis -- Métodos de resolución de problemas -- Importancia de la demostración matemática -- Aplicaciones de la matemática en la vida cotidiana -- Matemática en la educación moderna -- Perspectivas filosóficas de la matemática | ||
| 650 |
_aMatemáticas - Filosofía _952802 |
||
| 650 |
_aMatemáticas - Historia _952803 |
||
| 650 |
_aMatemáticas - Enseñanza _952804 |
||
| 650 |
_aLógica matemática _952805 |
||
| 650 |
_aResolución de problemas matemáticos _952806 |
||
| 650 |
_aPensamiento matemático _912979 |
||
| 942 |
_2ddc _cLIBROS |
||
| 945 |
_aesh _d29-04-2026 |
||